Oxford advanced learer's dictiona of current english /

Guardado en:
Autor Principal: Hornby, A. S.
Formato: Libro
Publicado: Inglaterra : Oxford, 2005
Edición:7a. ed.
Etiquetas: Agregar Etiqueta
Sin Etiquetas, Sea el primero en etiquetar este registro!
LEADER 00490nam a22001695a 4500
001 CEM.cems017374
005 20100421145642.0
008 130507s2005##################000#0#####d
003 CEMS
020 |a 0194316491 
082 0 4 |a C 
100 1 |a Hornby, A. S. 
245 1 0 |a Oxford advanced learer's dictiona of current english /  |c A. S. Hornby 
250 |a 7a. ed. 
260 |a Inglaterra :  |b Oxford,  |c 2005 
300 |a 1780 p. 
859 |a CEMS  |b BIB. CEMS - Agricultura  |h C  |i 423  |p A0643.06  |t Ej.1  |v H781a7  |3 H781a7